Vista normal
Vista MARC
Entrada Personal Name
Número de registros utilizados en: 1
001 - CONTROL NUMBER
- control field: 16744
003 - CONTROL NUMBER IDENTIFIER
- control field: Mx-PuUPA
005 - DATE AND TIME OF LATEST TRANSACTION
- control field: 20250213121646.0
008 - FIXED-LENGTH DATA ELEMENTS
- fixed length control field: 250213|| aca||aabn | a|a d
040 ## - CATALOGING SOURCE
- Original cataloging agency: Mx-PuUPA
- Language of cataloging: spa
- Transcribing agency: Mx-PuUPA
- Modifying agency: Mx-PuUPA
- Description conventions: rda
100 1# - HEADING--PERSONAL NAME
- Personal name: Mastretta Guzmán, Sergio,
- Dates associated with a name: 1955-
373 ## - ASSOCIATED GROUP
- Associated group: Instituto de Filosofía de la Compañia de Jesús en Guadalajara
- Associated group: Escuela de Periodismo Carlos Septién García en la Ciudad de México
374 ## - OCCUPATION
- Occupation: Autor
- Occupation: Periodista
- Occupation: Escritor
375 ## - GENDER
- Gender: hombre
377 ## - ASSOCIATED LANGUAGE
- Language code: spa
400 1# - SEE FROM TRACING--PERSONAL NAME
- Personal name: Guzmán, Sergio Mastretta
- Dates associated with a name: 1955-
670 ## - SOURCE DATA FOUND
- Source citation: LA TRAMA AUDI: componendas de un gobierno autoritario Puebla 2011-2019, 2019:
- Information found: t.p. (Sergio Mastretta Guzmán) portada